15 rokov Výskumného ústavu Slovákov v Maďarsku pamätnica venovaná Výskumnému ústavu Slovákov v Maďarsku (1990-2005)

Bibliographic Details
Corporate Author: Výskumný ústav Slovákov v Maďarsku (Békešská Čaba, Maďarsko) (Author)
Other Authors: Divičanová, Anna, 1940- (Compiler), Hornokné Uhrin, Erzsébet, 1954- (Compiler)
Format: Book
Language:Slovak
Hungarian
PhysicalDescription:459 s. fotogr., ilustr., tab. 24 cm
Published: Békešská Čaba Výskumný ústav Slovákov v Maďarsku 2005
ISBN:9638657359
Subjects:

MARC

LEADER 00000cam a2200000 a 4500
001 vtls008303893
003 SK-MaSNL
005 20260302041206.0
008 160610t2005 hu oja rn 000 0dslo
015 |a SNBZSA2005-00308 
020 |a 9638657359  |q (brož.) 
035 |a 45636316-DAD1-46EF-B6D0-547C2CD43C07 
035 |a urn:nbn:sk:snk-amlaze 
035 |a urn:nbn:sk:snk-am0092xt 
040 |a SNK  |b slo  |c SNK  |e AACR2 
041 0 |a slo  |a hun  |b eng  |b ger  |b hun 
043 |a e-hu--- 
044 |a hu  |c HU 
072 7 |a 06  |x Organizácie všeobecnej povahy  |2 konspekt 
080 |a 061.6(=162.4)(439)  |x "1990/2005"  |2 2001 
080 |a 316.723-054.57  |x (=162.4)(439)  |2 snkbuxs 
080 |a 39(=162.4)(439)  |2 snkbuxs 
110 2 |a Výskumný ústav Slovákov v Maďarsku (Békešská Čaba, Maďarsko)  |4 aut  |9 82328 
245 0 0 |a 15 rokov Výskumného ústavu Slovákov v Maďarsku  |b pamätnica venovaná Výskumnému ústavu Slovákov v Maďarsku (1990-2005)  |c zostavili Anna Divičanová, Alžbeta Uhrinová 
246 3 |a Pätnásť rokov Výskumného ústavu Slovákov v Maďarsku 
246 3 1 |a A Magyarországi Szlovákok kutatóintézete 15 éve 
260 |a Békešská Čaba  |b Výskumný ústav Slovákov v Maďarsku  |c 2005 
300 |a 459 s.  |b fotogr., ilustr., tab.  |c 24 cm 
500 |a Súbežný názov a čiastočný text maďarsky 
504 |a Obsahuje bibliografiu a bibliografické odkazy 
546 |a Res. maď., angl., nem. 
610 2 7 |a Výskumný ústav Slovákov v Maďarsku (Békešská Čaba, Maďarsko)  |2 SNKKA  |9 82328 
648 7 |a 1990-2005  |2 SNKPH  |9 324800 
650 0 7 |a Slováci v zahraničí  |2 SNKPH  |9 14695 
651 7 |a Maďarsko  |2 SNKPHgeo  |9 16754 
655 7 |a zborníky  |2 SNKPH  |9 70165 
700 1 |a Divičanová, Anna,  |d 1940-  |4 com  |9 219889 
700 1 |a Hornokné Uhrin, Erzsébet,  |d 1954-  |4 com  |9 228717 
852 |a Slovenská národná knižnica 
919 |a 963 86573 5 9 
958 |a OND 
958 |a ZS 
958 |a HU 
958 |a NB 
999 |c 1077813  |d 1079743 
952 |a SNK  |b SNK  |y VYP  |7 0  |p 17A0525750  |o snkSC 121912 D1  |i snk2006/21706  |8 2  |g 13.01  |0 0  |1 0  |4 0  |d 2006-09-05  |l 0  |r 2026-02-24 16:15:58  |w 2026-02-24 
952 |a SNK  |b SNK  |y PREZ  |7 0  |p 17A0489180  |o snkSC 121912  |i snk2005/20564  |8 2  |g 13.01  |0 0  |1 0  |4 0  |d 2005-10-19  |f 1  |l 0  |r 2025-06-02 00:00:00  |w 2026-02-24 
952 |t snkVYS 323.113  |a SNKUST  |b SNKUST  |y PREZ  |7 0  |p 17A0525751  |o snkSC 121912 D2  |i snk2006/21708  |8 2  |g 13.01  |0 0  |1 0  |4 0  |d 2006-09-05  |l 0  |r 2025-04-30 00:00:00  |w 2026-02-24